An introduction to Semiconductor devices / (Record no. 1933)
[ view plain ]
| 000 -LEADER | |
|---|---|
| fixed length control field | 00968nac a22002171u 4500 |
| 010 ## - LIBRARY OF CONGRESS CONTROL NUMBER | |
| LC control number | 2004060960 |
| 020 ## - INTERNATIONAL STANDARD BOOK NUMBER | |
| International Standard Book Number | 0072987561 (acid-free) |
| 082 00 - DEWEY DECIMAL CLASSIFICATION NUMBER | |
| Classification number | 621.3815/2 |
| Item number | N348 |
| 090 ## - LOCALLY ASSIGNED LC-TYPE CALL NUMBER (OCLC); LOCAL CALL NUMBER (OCLC) | |
| -- | 1933 |
| -- | 1933 |
| 100 ## - MAIN ENTRY--PERSONAL NAME | |
| Personal name | Neamen, Donald A. |
| 245 13 - TITLE STATEMENT | |
| Title | An introduction to Semiconductor devices / |
| Statement of responsibility, etc | Donald A. Neamen. |
| 246 30 - VARYING FORM OF TITLE | |
| Title proper/short title | Semiconductor devices |
| 260 ## - PUBLICATION, DISTRIBUTION, ETC. (IMPRINT) | |
| Place of publication, distribution, etc | Boston : |
| Name of publisher, distributor, etc | McGraw-Hill, |
| Date of publication, distribution, etc | c2006. |
| 300 ## - PHYSICAL DESCRIPTION | |
| Extent | xx, 678 p. : |
| Other physical details | ill. (some col.) ; |
| Dimensions | 24 cm. |
| 504 ## - BIBLIOGRAPHY, ETC. NOTE | |
| Bibliography, etc | Includes bibliographical references and index. |
| 650 #0 - SUBJECT ADDED ENTRY--TOPICAL TERM | |
| Topical term or geographic name as entry element | Semiconductors |
| Form subdivision | Textbooks. |
| 856 42 - ELECTRONIC LOCATION AND ACCESS | |
| Materials specified | Publisher description |
| Uniform Resource Identifier | <a href="http://www.loc.gov/catdir/enhancements/fy0618/2004060960-d.html">http://www.loc.gov/catdir/enhancements/fy0618/2004060960-d.html</a> |
| 856 42 - ELECTRONIC LOCATION AND ACCESS | |
| Materials specified | Table of contents only |
| Uniform Resource Identifier | <a href="http://www.loc.gov/catdir/enhancements/fy0618/2004060960-t.html">http://www.loc.gov/catdir/enhancements/fy0618/2004060960-t.html</a> |
| 942 ## - ADDED ENTRY ELEMENTS (KOHA) | |
| Item type | Book - Borrowing |
| Call number prefix | 621.3815/2 |
| Withdrawn status | Item status | Source of classification or shelving scheme | Damaged status | Not for loan | Vendor | Home library | Current library | Shelving location | Date acquired | Source of acquisition | Total Checkouts | Total Renewals | Full call number | Barcode | Date last seen | Date last borrowed | Cost, replacement price | Koha item type |
|---|---|---|---|---|---|---|---|---|---|---|---|---|---|---|---|---|---|---|
| Dewey Decimal Classification | Central Library | Central Library | First floor | 05/02/2007 | 1 | 4 | 621.38152 NEA | 000002332 | 15/07/2025 | 19/03/2013 | 272.00 | Book - Borrowing |